Drying of herbs, spices, and medicinal plants (Record no. 29233)

MARC details
000 -LEADER
fixed length control field 00502nam a2200181Ia 4500
020 ## - INTERNATIONAL STANDARD BOOK NUMBER
ISBN 9781032216164
050 ## - CALL MARK
Classification number SB 351 .D79/
100 ## - STATEMENT OF RESPONSIBILITY--MAIN AUTHOR NAME
Personal name Edited by Hii, Ching Lik and Shirkole, Shivanand S.
245 #0 - TITLE STATEMENT
Title Drying of herbs, spices, and medicinal plants
260 ## - PUBLICATION, DISTRIBUTION, ETC. (IMPRINT)
Place of publication Boca Raton
260 ## - PUBLICATION, DISTRIBUTION, ETC. (IMPRINT)
Name of publisher CRC Press
260 ## - PUBLICATION, DISTRIBUTION, ETC. (IMPRINT)
Year of publication 2024
300 ## - PHYSICAL DESCRIPTION
Number of Pages xvi, 238p. :ill. ; 23cm.
650 ## - SUBJECT ADDED ENTRY--TOPICAL TERM
Topical Term medicinal applications
942 ## - ADDED ENTRY ELEMENTS (KOHA)
Koha item type Books
Holdings
Withdrawn status Lost status Source of classification or shelving scheme Damaged status Not for loan Permanent Location Current Location Date acquired Accession Number Price effective from Koha item type
    Library of Congress Classification     NILE UNIVERSITY OF NIGERIA - MAIN LIBRARY NILE UNIVERSITY OF NIGERIA - MAIN LIBRARY 04/23/2025 0198160 04/23/2025 Books